000
00247nam a2200097Ia 4500
008
120527s9999 xx 000 0 und d
100
_a
R.S.Means
245
_a
Green building project planning and cost estimating.
260
_b
RS Means
942
_c
BK
999
_c
24090
_d
24090